000
00435nam a22001097a 4500
082
_a
891.433/RAG/N
100
_a
राघव, रांगेय
_9
37128
245
_a
यशोधरा जीत गई गौतम बुृद्ध के जीवन पर आधारित उपन्यास
260
_a
दिल्ली
_b
डायमंड बुक्स
650
_a
उपन्यास
942
_c
HIN
999
_c
68397
_d
68397